| 000 -LEADER |
| fixed length control field |
00747cam a2200229 a 4500 |
| 020 ## - INTERNATIONAL STANDARD BOOK NUMBER |
| ISBN |
0471589535 (pbk. : alk. paper) |
| 040 ## - CATALOGING SOURCE |
| Transcribing agency |
DLC |
| 082 00 - DEWEY DECIMAL CLASSIFICATION NUMBER |
| Classification number |
686 JWI 1993 A043 Or. |
| 100 1# - MAIN ENTRY--AUTHOR NAME |
| Personal name |
Baker, Kim, |
| 245 10 - TITLE STATEMENT |
| Title |
PageMaker 5 for Windows : |
| Remainder of title |
self-teaching guide / |
| 246 3# - VARYING FORM OF TITLE |
| Title proper/short title |
PageMaker five for Windows |
| 260 ## - PUBLICATION, DISTRIBUTION, ETC. (IMPRINT) |
| Place of publication |
New York : |
| Name of publisher |
J. Wiley, |
| Year of publication |
c1993. |
| 300 ## - PHYSICAL DESCRIPTION |
| Number of Pages |
xii, 292 p. : |
| Other physical details |
ill. ; |
| Dimensions |
25 cm. |
| 500 ## - GENERAL NOTE |
| General note |
Includes index. |
| 650 #0 - SUBJECT ADDED ENTRY--TOPICAL TERM |
| Topical Term |
Desktop publishing. |
| 700 1# - ADDED ENTRY--PERSONAL NAME |
| Personal name |
Baker, Sunny. |
| 700 1# - ADDED ENTRY--PERSONAL NAME |
| Personal name |
Roth, Kyle. |
| 856 42 - ELECTRONIC LOCATION AND ACCESS |
| Uniform Resource Identifier |
http://www.loc.gov/catdir/bios/wiley042/93022644.html |
| 856 42 - ELECTRONIC LOCATION AND ACCESS |
| Uniform Resource Identifier |
http://www.loc.gov/catdir/description/wiley034/93022644.html |
| 856 4# - ELECTRONIC LOCATION AND ACCESS |
| Uniform Resource Identifier |
http://www.loc.gov/catdir/toc/onix05/93022644.html |
| 942 ## - ADDED ENTRY ELEMENTS (KOHA) |
| Koha item type |
សៀវភៅភាសាអង់គ្លេស |
| 952 ## - LOCATION AND ITEM INFORMATION (KOHA) |
| Withdrawn status [LOCAL, KOHA] |
0 |